Nâng cao đạo đức cách mạng, quét sạch chủ nghĩa cá nhân
Shranjeno v:
| Format: | Knjiga |
|---|---|
| Izdano: |
H.
Sự thật
1985
|
| Izdaja: | In lần thứ 3 |
| Teme: | |
| Oznake: |
Označite
Brez oznak, prvi označite!
|
| Thư viện lưu trữ: | Trung tâm Học liệu Lê Vũ Hùng, Trường Đại học Đồng Tháp |
|---|
| LEADER | 00724pam a22002058a 4500 | ||
|---|---|---|---|
| 001 | 00000943 | ||
| 005 | 20171026081022.0 | ||
| 008 | 110324s1985 ||||||Viesd | ||
| 041 | 0 | # | |a Vie |
| 082 | 1 | 4 | |a 335.4346 |b N116C |
| 245 | 0 | 0 | |a Nâng cao đạo đức cách mạng, quét sạch chủ nghĩa cá nhân |c Hồ Chí Minh |
| 250 | # | # | |a In lần thứ 3 |
| 260 | # | # | |a H. |b Sự thật |c 1985 |
| 300 | # | # | |a 47 tr. |c 19 cm. |
| 653 | # | # | |a Chủ nghĩa cá nhân |a Giáo dục tư tưởng |a Đạo đức cách mạng |
| 852 | # | # | |b Kho đọc |j KD.0000868 |
| 852 | # | # | |j KD.0000868 |
| 910 | |d 24/03/2011 | ||
| 980 | # | # | |a Trung tâm Học liệu Lê Vũ Hùng, Trường Đại học Đồng Tháp |